|
|
|
|
| LEADER |
01609cam a2200349 a 4500 |
| 001 |
c000226353 |
| 003 |
CARM |
| 005 |
20061129141735.0 |
| 008 |
900806s1990 nyua b 100 0 eng |
| 010 |
|
|
|a 90055814
|
| 019 |
1 |
|
|a 8065771
|5 LACONCORD2021
|
| 020 |
|
|
|a 0791805239
|
| 035 |
|
|
|a (OCoLC)24505194
|5 LACONCORD2021
|
| 040 |
|
|
|a DLC
|b eng
|c DLC
|d DLC
|d LC
|
| 050 |
0 |
0 |
|a TJ181
|b .M33 1990
|
| 082 |
0 |
0 |
|a 621.8/11
|2 20
|
| 245 |
0 |
0 |
|a Mechanism synthesis and analysis :
|b presented at the 1990 ASME Design Technical Conferences--21st Biennial Mechanisms Conference, Chicago, Illinois, September 16-19, 1990 /
|c sponsored by the Mechanisms Committee of the Design Engineering Division, ASME ; edited by M. McCarthy, S. Derby, A. Pisano.
|
| 260 |
|
|
|a New York, N.Y. :
|b ASME,
|c c1990.
|
| 300 |
|
|
|a viii, 477 p. :
|b ill. ;
|c 28 cm.
|
| 490 |
1 |
|
|a DE ;
|v vol. 25
|
| 504 |
|
|
|a Includes bibliographical references.
|
| 650 |
|
0 |
|a Mechanical movements
|v Congresses.
|
| 650 |
|
0 |
|a Machinery, Kinematics of
|v Congresses.
|
| 700 |
1 |
|
|a Derby, Stephen J.
|
| 700 |
1 |
|
|a Pisano, A.
|q (Al)
|
| 700 |
1 |
|
|a McCarthy, M.
|q (Mike)
|
| 710 |
2 |
|
|a American Society of Mechanical Engineers.
|b Mechanisms Committee.
|
| 711 |
2 |
|
|a Mechanisms Conference
|n (21st :
|d 1990 :
|c Chicago, Ill.)
|
| 830 |
|
0 |
|a DE (Series) (American Society of Mechanical Engineers. Design Engineering Division) ;
|v vol. 25.
|
| 852 |
8 |
|
|b CARM
|h A2:AB26H0
|i F01172
|p 0268336
|f BK
|
| 999 |
f |
f |
|i 9bc6a8ba-4c51-589f-9338-7c8b78a3d5c2
|s 591c0d71-8832-5f05-9cd6-6adbf4de7e32
|
| 952 |
f |
f |
|p Can circulate
|a CAVAL
|b CAVAL
|c CAVAL
|d CARM 1 Store
|e F01172
|f A2:AB26H0
|h Other scheme
|i book
|m 0268336
|